000 00595nam a2200241Ia 4500
003 OSt
005 20221005025152.0
006 a|||||r|||| 00| 0
007 ta
008 221004b |||||||| |||| 00| 0 eng d
024 _a103490
037 _cTextual
040 _aCRL
_cCRL
_beng
041 _2eng
_aeng
082 _aC9B1, K3
100 _aPauling Linus
245 0 _aNature of the chemical bond
250 _a3rd
260 _aCalcutta
_bIBH Pub India
_c1963
300 _a644p.
_ccm.
942 _hC9B1, K3
_cTEXL
_2cc
999 _c934269
_d934269